| 000 | 01135nam0a2200313 4500 | ||
|---|---|---|---|
| 001 | RU\NLR\bibl\1189890 | ||
| 005 | 20250615094931.0 | ||
| 010 |
_a978-5-477-00261-0 _91500 |
||
| 021 |
_aRU _b2007-92306 _94991 |
||
| 035 | _a(NLR Aleph) 001176452 | ||
| 090 |
_a1630067 _c1630067 |
||
| 100 | _a20080218d2007 |||y0rusy50 ca | ||
| 101 | 0 | _arus | |
| 102 | _aRU | ||
| 105 | _aa ||||||||| | ||
| 200 | 1 |
_aЗапись CD и DVD в Nero 7 _e[программа N° 1 в мире для работы с CD/DVD] _fЛоянич А.А. |
|
| 210 |
_aМосква _cNT Press _d2007 |
||
| 215 |
_a344 с. _cил. _d21 |
||
| 225 | 1 | _aСамоучитель | |
| 320 | _aБиблиогр.: с. 341 (27 назв.) | ||
| 320 | _aУказ.: с. 342-344 | ||
| 606 | 1 |
_aNERO 7, прикладная программа _jУчебные издания для самообразования _92504660 _3RU\NLR\auth\661485260 |
|
| 686 | _aЗ973.28-045я78-1 | ||
| 700 | 1 |
_aЛоянич _bА. А. _gАртур Альфредович _4070 |
|
| 801 | 0 |
_aRU _bNLR _c20080218 _gRCR |
|
| 801 | 1 |
_aRU _bNLR _c20080218 |
|
| 942 | _cBOOK | ||
| 980 | _aNB | ||